Library of the University of Algiers 3
Ibrahim Sultan Cheibout
شعار جامعة الجزائر 3
مكتبة جامعة الجزائر 3
إبراهيم سلطان شيبوط

محاسبة النفط و الغاز / (رقم التسجيلة. 43718)

تفاصيل مارك
000 -LEADER
fixed length control field 01528nam a2200229Ia 4500
003 - CONTROL NUMBER IDENTIFIER
control field Ost
005 - DATE AND TIME OF LATEST TRANSACTION
control field 20260507075254.0
008 - FIXED-LENGTH DATA ELEMENTS--GENERAL INFORMATION
fixed length control field 260507s9999||||xx |||||||||||||| ||und||
040 ## - CATALOGING SOURCE
Transcribing agency fsecg
041 ## - LANGUAGE CODE
Language code of text/sound track or separate title ara
082 ## - DEWEY DECIMAL CLASSIFICATION NUMBER
Classification number 330
100 ## - MAIN ENTRY--PERSONAL NAME
Personal name الراوي، عبد الخالق مطلك
Relator term مؤلف
245 #0 - TITLE STATEMENT
Title محاسبة النفط و الغاز /
Statement of responsibility, etc. عبد الخالق مطلك الراوي
260 ## - PUBLICATION, DISTRIBUTION, ETC.
Place of publication, distribution, etc. عمان:
Name of publisher, distributor, etc. دار اليازوري,
Date of publication, distribution, etc. 2011
300 ## - PHYSICAL DESCRIPTION
Extent 358 صفحة؛
Dimensions 24 سم
504 ## - BIBLIOGRAPHY, ETC. NOTE
Bibliography, etc. note مراجع ص.355
520 ## - SUMMARY, ETC.
Summary, etc. مدخل الى صناعة النفط و الغاز و خصائص محاسبة النفط و الغاز ، النظام المحاسبي و الدليل المحاسبي ، مراحل صناعة النفط : مرحلة الاستطلاع و الاستكشاف ، مرحلة الحفر و التطوير ، مرحلة انتاج و ضخ النفط و الغاز ، توزيع تكاليف الانتاج المشتركة بين النفط و الغاز الطبيعي ، الاصول المتناقصة و نفاذ الممتلكات المنتجة ، انخفاض قيمة العقود غير المطورة ، ايراد النفط الخام و الغاز الطبيعي ، القوائم المالية المنحاسبية ، تكرير النفط ، تسعير المنتجات النفطية ، تكاليف نقل مشتقات النفط و الغاز .
653 ## - INDEX TERM--UNCONTROLLED
Uncontrolled term المحاسبة
653 ## - INDEX TERM--UNCONTROLLED
Uncontrolled term المحاسبة- النفط
653 ## - INDEX TERM--UNCONTROLLED
Uncontrolled term النفط
942 ## - ADDED ENTRY ELEMENTS (KOHA)
Koha item type كتب
المقتنيات
Withdrawn status Lost status Source of classification or shelving scheme Damaged status Not for loan Home library Current library Date acquired Serial enumeration / chronology Inventory number Total checkouts Full call number Barcode Date last seen Price effective from Koha item type
    Dewey Decimal Classification   NOT LOAN / إعارة داخلية مكتبة كلية العلوم الإقتصادية والعلوم التجارية وعلوم التسيير مكتبة كلية العلوم الإقتصادية والعلوم التجارية وعلوم التسيير 07/05/2026 الطابق الأرضي 18192   أ/3743ن1 18192 07/05/2026 07/05/2026 كتب
    Dewey Decimal Classification   Available مكتبة كلية العلوم الإقتصادية والعلوم التجارية وعلوم التسيير مكتبة كلية العلوم الإقتصادية والعلوم التجارية وعلوم التسيير 07/05/2026 الطابق الأرضي 18193   أ/3743ن2 18193 07/05/2026 07/05/2026 كتب
    Dewey Decimal Classification   Available مكتبة كلية العلوم الإقتصادية والعلوم التجارية وعلوم التسيير مكتبة كلية العلوم الإقتصادية والعلوم التجارية وعلوم التسيير 07/05/2026 الطابق الثاني 18194   أ/3743ن3 18194 07/05/2026 07/05/2026 كتب
    Dewey Decimal Classification   Available مكتبة كلية العلوم الإقتصادية والعلوم التجارية وعلوم التسيير مكتبة كلية العلوم الإقتصادية والعلوم التجارية وعلوم التسيير 07/05/2026 الطابق الثاني 18195   أ/3743ن4 18195 07/05/2026 07/05/2026 كتب
    Dewey Decimal Classification   Available مكتبة كلية العلوم الإقتصادية والعلوم التجارية وعلوم التسيير مكتبة كلية العلوم الإقتصادية والعلوم التجارية وعلوم التسيير 07/05/2026 مكتبة بن عكنون 18196   أ/3743ن5 18196 07/05/2026 07/05/2026 كتب

موارد الويب المفتوحة


© University of Algiers 3 All Rights Reserved
|
Implemented by LECHELAH Riad